Communes de la République du Saugeais - Statistiques

Statistiques générales
  • Ce quiz a été pris 17 fois
  • Le résultat moyen est 9 sur 11
Statistiques - réponses
Nombre d'habitants Commune % Correct
1 767 Gilley
100%
609 La Chaux
100%
401 Montbenoît
100%
936 Arçon
88%
836 La Longeville
81%
239 Bugny
75%
854 Maisons-du-Bois-Lièvremont
75%
225 Hauterive-la-Fresse
63%
118 Montflovin
63%
329 Ville-du-Pont
63%
171 Les Alliés
50%
Aucun quiz correspondant
Distribution des résultats
% des personnes avec chaque résultat
Percentile par nombre de réponses
Votre historique - résultats
Vous n’avez pas pris ce quiz